| 000 | 00682nam a2200181Ia 4500 | ||
|---|---|---|---|
| 008 | 090124s9999 xx 000 0 und d | ||
| 082 | _b4042 | ||
| 100 | _aबाऴ नाराय़ण य़शवंत | ||
| 245 | _a सार्थक झालें जन्माचें | ||
| 250 | _a1 | ||
| 260 |
_bत्रिदल प्रकाशन _c1964 |
||
| 300 | _a76 | ||
| 600 | _aबाऴ नाराय़ण य़शवंत | ||
| 630 | _a सार्थक झालें जन्माचें | ||
| 700 | _aबाऴ नाराय़ण य़शवंत | ||
| 730 | _a सार्थक झालें जन्माचें | ||
| 942 | _cBOOK | ||
| 999 |
_c83517 _d83517 |
||